|
|
|
|
| LEADER |
00000naa2a2200000 4500 |
| 001 |
619662 |
| 005 |
20231101133055.0 |
| 035 |
|
|
|a (RuTPU)RU\TPU\conf\18098
|
| 035 |
|
|
|a RU\TPU\conf\18097
|
| 090 |
|
|
|a 619662
|
| 100 |
|
|
|a 20160826d2016 k y0rusy50 ca
|
| 101 |
0 |
|
|a rus
|
| 102 |
|
|
|a RU
|
| 105 |
|
|
|a y z 101zy
|
| 135 |
|
|
|a drcn ---uucaa
|
| 181 |
|
0 |
|a i
|
| 182 |
|
0 |
|a b
|
| 200 |
1 |
|
|a Маркетинговые информационные системы предприятия
|f С. Э. Прохорова, Н. В. Кузнецова
|g науч. рук. Е. А. Грахова
|
| 203 |
|
|
|a Текст
|c электронный
|
| 225 |
1 |
|
|a Маркетинг
|
| 230 |
|
|
|a 1 компьютерный файл (pdf; 433 Kb)
|
| 300 |
|
|
|a Заглавие с экрана
|
| 320 |
|
|
|a [Библиогр.: с. 56 (6 назв.)]
|
| 463 |
|
0 |
|0 (RuTPU)RU\TPU\conf\17453
|t Проблемы управления рыночной экономикой
|o межрегиональный сборник научных трудов
|h Вып. 17
|f Национальный исследовательский Томский политехнический университет (ТПУ) ; под ред. И. Е. Никулиной, С. С. Деревянченко, Л. Р. Тухватулиной
|v [С. 52-56]
|d 2016
|
| 610 |
1 |
|
|a труды учёных ТПУ
|
| 610 |
1 |
|
|a электронный ресурс
|
| 610 |
1 |
|
|a корпоративные информационные системы
|
| 610 |
1 |
|
|a информационные технологии
|
| 610 |
1 |
|
|a рыночные отношения
|
| 610 |
1 |
|
|a маркетинговые системы
|
| 610 |
1 |
|
|a отчетность
|
| 700 |
|
1 |
|a Прохорова
|b С. Э.
|
| 701 |
|
1 |
|a Кузнецова
|b Н. В.
|
| 702 |
|
1 |
|a Грахова
|b Е. А.
|c экономист
|c ассистент Томского политехнического университета
|f 1981-
|g Елена Александровна
|2 stltpush
|4 727
|
| 712 |
0 |
2 |
|a Национальный исследовательский Томский политехнический университет (ТПУ)
|b Институт социально-гуманитарных технологий (ИСГТ)
|b Кафедра менеджмента (МЕН)
|h 150
|2 stltpush
|3 (RuTPU)RU\TPU\col\18855
|
| 801 |
|
2 |
|a RU
|b 63413507
|c 20160920
|g RCR
|
| 856 |
4 |
|
|u http://earchive.tpu.ru/handle/11683/31342
|
| 942 |
|
|
|c BK
|